000 00271nam a22001097a 4500
999 _c13445
_d13445
082 _a891.439
100 _aثروت سلطانہ ثروت
245 _aضرب المثل اشعار
260 _aکراچی
_bذکی پرنٹرز
_c2010
300 _a350 pages
942 _cBK